Discovering India (Record no. 171606)

MARC details
000 -LEADER
fixed length control field 00543nam a2200181 4500
005 - DATE AND TIME OF LATEST TRANSACTION
control field 20200116120034.0
010 ## - LCCN (DPL NO)
LC control number ENG-127387
020 ## - INTERNATIONAL STANDARD BOOK NUMBER
International Standard Book Number 9789386473783
Terms of availability 595.00
035 ## - SYSTEM CONTROL NUMBER
System control number EN-110919
037 ## - SOURCE OF ACQUISITION
Source of stock number/acquisition DBAD/PUB
082 ## - DEWEY DECIMAL CLASSIFICATION NUMBER
Classification number 954
100 ## - MAIN ENTRY--PERSONAL NAME
Personal name Goswami,Karolina
245 ## - TITLE STATEMENT
Title Discovering India
Statement of responsibility, etc by Goswami,Karolina
260 ## - PUBLICATION, DISTRIBUTION, ETC. (IMPRINT)
Place of publication, distribution, etc New Delhi
Name of publisher, distributor, etc Vitasta Publishing
Date of publication, distribution, etc 2020
270 ## - ADDRESS
Address 2/15,Ansari Road Daryaganj
City New Delhi
Postal code 40001
Electronic mail address info@vitastapublishing.com
300 ## - PHYSICAL DESCRIPTION
Extent xii;207p.
Dimensions 22cm(Hb)
942 ## - ADDED ENTRY ELEMENTS (KOHA)
Source of classification or shelving scheme Dewey Decimal Classification
Item type English Books
Classification part 954
Call number suffix GOS
Holdings
Withdrawn status Lost status Not for loan Collection code Home library Current library Date acquired Source of acquisition Cost, normal purchase price Full call number Barcode Copy number Cost, replacement price Koha item type
      Non-fiction Central Library Central Library 16/01/2020 DBAD/PUB 595.00 954 GOS EN-110919 1 595.00 English Books

© Delhi Public Library
Hit Counter
free hit counter